NFL QB Colleges - Statistics

General Stats
  • This quiz has been taken 109 times
    88 since last reset
  • The average score is 27 of 30
Answer Stats
QB College % Correct
Joe Burrow LSU
97%
Baker Mayfield Oklahoma
97%
Bryce Young Alabama
96%
Tua Tagovailoa Alabama
96%
Bo Nix Oregon
96%
Patrick Mahomes Texas Tech
96%
Caleb Williams USC
96%
Josh Allen Wyoming
96%
Trevor Lawrence Clemson
95%
Brock Purdy Iowa State
95%
Jayden Daniels LSU
95%
C. J. Stroud Ohio State
95%
Justin Fields Ohio State
95%
Justin Herbert Oregon
95%
Drake Maye North Carolina
93%
Lamar Jackson Louisville
92%
Matthew Stafford Georgia
90%
Michael Penix Jr Washington
90%
Jared Goff California
89%
Kyler Murray Oklahoma
89%
Sam Darnold USC
89%
Anthony Richardson Florida
88%
Dak Prescott Mississippi State
88%
Jordan Love Utah State
86%
Kenny Pickett Pittsburgh
84%
Russell Wilson Wisconsin
84%
Geno Smith West Virginia
77%
Derek Carr Fresno State
73%
Will Levis Kentucky
71%
Mason Rudolph Oklahoma State
49%
No matching quizzes found
Score Distribution
Percent of People with Each Score
Percentile by Number Answered
Your Score History
You have not taken this quiz since the last reset